[Event "European Club Cup"]
[Site "chess24.com"]
[Date "2018.10.18"]
[Round "7"]
[White "Halmeenmaki, Tuomo"]
[Black "Omorjan, Dejan"]
[Result "1/2-1/2"]
[WhiteElo "2177"]
[BlackElo "2249"]
[Annotator ""]
[Source ""]
[Remark ""]

1.Nf3 {[%clk 1:30:56]} c5 {[%clk 1:29:46]} 2.g3 {[%clk 1:31:18]}
g6 {[%clk 1:30:11]} 3.Bg2 {[%clk 1:31:43]} Bg7 {[%clk 1:30:33]}
4.O-O {[%clk 1:32:08]} Nc6 {[%clk 1:30:55]} 5.d3 {[%clk 1:32:28]}
e5 {[%clk 1:31:14]} 6.e4 {[%clk 1:32:31]} Nge7 {[%clk 1:31:31]}
7.c3 {[%clk 1:32:22]} O-O {[%clk 1:31:47]} 8.a3 {[%clk 1:32:06]}
d6 {[%clk 1:32:09]} 9.b4 {[%clk 1:32:01]} a6 {[%clk 1:32:27]}
10.Nbd2 {[%clk 1:31:17]} h6 {[%clk 1:31:00]} 11.Rb1 {[%clk 1:31:12]}
Be6 {[%clk 1:23:57]} 12.Qe2 {[%clk 1:15:42]} cxb4 {[%clk 1:09:14]}
13.axb4 {[%clk 1:11:30]} b5 {[%clk 1:08:58]} 14.Nb3 {[%clk 1:04:55]}
Qe8 {[%clk 0:57:01]} 15.Nh4 {[%clk 0:38:22]} Rc8 {[%clk 0:50:07]}
16.Bd2 {[%clk 0:30:57]} g5 {[%clk 0:47:20]} 17.Nf3 {[%clk 0:30:29]}
f6 {[%clk 0:41:49]} 18.Rb2 {[%clk 0:24:58]} Qf7 {[%clk 0:27:05]}
19.Rfb1 {[%clk 0:25:08]} f5 {[%clk 0:19:45]} 20.exf5 {[%clk 0:18:53]}
Bxf5 {[%clk 0:18:55]} 21.Ne1 {[%clk 0:18:31]} Be6 {[%clk 0:17:58]}
22.Nc2 {[%clk 0:16:41]} Nd5 {[%clk 0:16:29]} 23.Be1 {[%clk 0:09:34]}
Nb6 {[%clk 0:14:31]} 24.Nca1 {[%clk 0:04:58]} Na4 {[%clk 0:11:59]}
25.Rc2 {[%clk 0:05:16]} Ne7 {[%clk 0:10:19]} 26.Na5 {[%clk 0:04:40]}
Rc7 {[%clk 0:09:22]} 27.c4 {[%clk 0:04:22]} Rfc8 {[%clk 0:07:13]}
28.Rbc1 {[%clk 0:04:05]} e4 {[%clk 0:04:26]} 29.Bxe4 {[%clk 0:03:32]}
Bxa1 {[%clk 0:04:15]} 30.Rxa1 {[%clk 0:03:51]} d5 {[%clk 0:03:37]}
31.Bg2 {[%clk 0:03:55]} Bf5 {[%clk 0:01:41]} 32.c5 {[%clk 0:03:12]}
Ng6 {[%clk 0:01:15]} 33.Qf3 {[%clk 0:01:18]} d4 {[%clk 0:00:55]}
34.Qd5 {[%clk 0:00:54]} Be6 {[%clk 0:00:41]} 35.Qf3 {[%clk 0:01:01]}
Qg7 {[%clk 0:00:45]} 36.Qe2 {[%clk 0:00:47]} Bf7 {[%clk 0:00:48]}
37.Be4 {[%clk 0:01:02]} Re8 {[%clk 0:00:52]} 38.Qf1 {[%clk 0:01:04]}
Rxe4 {[%clk 0:00:45]} 39.dxe4 {[%clk 0:01:28]} g4 {[%clk 0:00:40]}
40.f4 {[%clk 0:30:45]} gxf3 {[%clk 0:30:50]} 41.Qxf3 {[%clk 0:21:45]}
Ne5 {[%clk 0:27:02]} 42.Qf5 {[%clk 0:18:22]} Bg6 {[%clk 0:25:12]}
43.Qe6+ {[%clk 0:18:46]} Kh7 {[%clk 0:25:04]} 44.Rf2 {[%clk 0:17:57]}
Re7 {[%clk 0:19:28]} 45.Qf6 {[%clk 0:14:48]} Bxe4 {[%clk 0:15:51]}
46.Qxg7+ {[%clk 0:14:04]} Kxg7 {[%clk 0:15:13]} 47.Rf4 {[%clk 0:14:13]}
Nf3+ {[%clk 0:14:30]} 48.Kf2 {[%clk 0:14:09]} Ng5 {[%clk 0:13:56]}
49.Rg4 {[%clk 0:04:50]} Rf7+ {[%clk 0:12:22]} 50.Rf4 {[%clk 0:05:03]}
Nh3+ {[%clk 0:11:56]} 51.Ke2 {[%clk 0:05:23]} Nxf4+ {[%clk 0:11:18]}
52.gxf4 {[%clk 0:05:46]} Rxf4 {[%clk 0:09:24]} 53.Bg3 {[%clk 0:06:03]}
Nc3+ {[%clk 0:06:54]} 54.Ke1 {[%clk 0:04:35]} Rf3 {[%clk 0:05:53]}
55.Be5+ {[%clk 0:04:12]} Kf7 {[%clk 0:05:59]} 56.Bxd4 {[%clk 0:04:17]}
Nd5 {[%clk 0:06:07]} 57.Be5 {[%clk 0:03:43]} Nxb4 {[%clk 0:05:54]}
58.Ke2 {[%clk 0:03:34]} Ke6 {[%clk 0:05:57]} 59.Bg3 {[%clk 0:03:42]}
Nd5 {[%clk 0:03:21]} 60.c6 {[%clk 0:02:46]} Nc3+ {[%clk 0:02:47]}
61.Kd2 {[%clk 0:01:47]} Rd3+ {[%clk 0:02:48]} 62.Ke1 {[%clk 0:02:10]}
Re3+ {[%clk 0:02:55]} 63.Kd2 {[%clk 0:02:29]} Rd3+ {[%clk 0:02:58]}
64.Ke1 {[%clk 0:02:58]} Nd5 {[%clk 0:01:44]} 65.Nb7 {[%clk 0:02:29]}
Re3+ {[%clk 0:01:49]} 66.Kd2 {[%clk 0:02:46]} Rd3+ {[%clk 0:01:04]}
67.Ke1 {[%clk 0:03:14]} Re3+ {[%clk 0:00:59]} 68.Kd2 {[%clk 0:03:37]}
Rc3 {[%clk 0:00:45]} 69.Rxa6 {[%clk 0:02:57]} Rc2+ {[%clk 0:01:05]}
70.Ke1 {[%clk 0:03:14]} Rc1+ {[%clk 0:01:27]} 71.Kd2 {[%clk 0:03:07]}
Rc2+ {[%clk 0:01:49]} 72.Ke1 {[%clk 0:04:06]} Rc1+ {[%clk 0:01:06]}
73.Kd2 {[%clk 0:04:27]} Rc2+ {[%clk 0:01:21]} 1/2-1/2

[Event "European Club Cup"]
[Site "chess24.com"]
[Date "2018.10.18"]
[Round "7"]
[White "Nikolic, Milos"]
[Black "Linnanen, Lassi"]
[Result "1/2-1/2"]
[WhiteElo "2279"]
[BlackElo "2153"]
[Annotator ""]
[Source ""]
[Remark ""]

1.e4 {[%clk 1:30:30]} e5 {[%clk 1:30:42]} 2.Nf3 {[%clk 1:31:16]}
Nc6 {[%clk 1:31:06]} 3.Bb5 {[%clk 1:31:35]} a6 {[%clk 1:31:19]}
4.Ba4 {[%clk 1:31:56]} Nf6 {[%clk 1:31:38]} 5.O-O {[%clk 1:32:10]}
Be7 {[%clk 1:31:51]} 6.Re1 {[%clk 1:32:25]} b5 {[%clk 1:32:05]}
7.Bb3 {[%clk 1:32:49]} O-O {[%clk 1:32:12]} 8.h3 {[%clk 1:31:13]}
d6 {[%clk 1:31:14]} 9.c3 {[%clk 1:31:36]} Nb8 {[%clk 1:31:37]}
10.d4 {[%clk 1:31:48]} Nbd7 {[%clk 1:32:02]} 11.Nbd2 {[%clk 1:31:05]}
Bb7 {[%clk 1:32:21]} 12.Bc2 {[%clk 1:31:12]} Re8 {[%clk 1:32:07]}
13.Nf1 {[%clk 1:31:33]} Bf8 {[%clk 1:31:51]} 14.Ng3 {[%clk 1:31:56]}
g6 {[%clk 1:32:04]} 15.a4 {[%clk 1:24:41]} c5 {[%clk 1:31:15]}
16.d5 {[%clk 1:21:35]} c4 {[%clk 1:31:16]} 17.Nh2 {[%clk 1:19:27]}
h5 {[%clk 1:21:32]} 18.Bg5 {[%clk 1:16:25]} Be7 {[%clk 1:21:24]}
19.f4 {[%clk 0:55:51]} exf4 {[%clk 1:13:52]} 20.Bxf4 {[%clk 0:55:51]}
h4 {[%clk 1:13:24]} 21.Ngf1 {[%clk 0:53:02]} Nh5 {[%clk 1:13:25]}
22.Be3 {[%clk 0:52:41]} Ne5 {[%clk 1:06:51]} 23.Nf3 {[%clk 0:51:33]}
Bf6 {[%clk 1:06:39]} 24.Nd4 {[%clk 0:50:28]} Bg5 {[%clk 1:04:04]}
25.Qd2 {[%clk 0:42:18]} Bxe3+ {[%clk 1:03:58]} 26.Qxe3 {[%clk 0:42:14]}
Qf6 {[%clk 0:59:26]} 27.axb5 {[%clk 0:40:05]} axb5 {[%clk 0:56:56]}
28.Nxb5 {[%clk 0:40:18]} Rxa1 {[%clk 0:56:44]} 29.Rxa1 {[%clk 0:40:46]}
Nf4 {[%clk 0:56:54]} 30.Bd1 {[%clk 0:27:27]} Ned3 {[%clk 0:51:05]}
31.Bg4 {[%clk 0:23:26]} Bxd5 {[%clk 0:38:12]} 32.Qb6 {[%clk 0:12:21]}
Rxe4 {[%clk 0:33:30]} 33.Nc7 {[%clk 0:04:02]} Qe5 {[%clk 0:17:26]}
34.Nxd5 {[%clk 0:02:53]} Nxd5 {[%clk 0:17:40]} 35.Qd8+ {[%clk 0:03:15]}
Qe8 {[%clk 0:16:54]} 36.Qxd6 {[%clk 0:03:05]} N5f4 {[%clk 0:11:49]}
37.Bf3 {[%clk 0:03:01]} Ne2+ {[%clk 0:10:22]} 38.Kh1 {[%clk 0:02:27]}
Qe5 {[%clk 0:05:35]} 39.Qxe5 {[%clk 0:01:32]} Rxe5 {[%clk 0:05:59]}
40.Nd2 {[%clk 0:31:47]} Nxb2 {[%clk 0:34:00]} 41.Rb1 {[%clk 0:26:26]}
Na4 {[%clk 0:28:55]} 42.Nxc4 {[%clk 0:24:54]} Ng3+ {[%clk 0:29:17]}
43.Kg1 {[%clk 0:24:57]} Rc5 {[%clk 0:29:16]} 44.Nd6 {[%clk 0:23:00]}
Nxc3 {[%clk 0:28:44]} 45.Rb8+ {[%clk 0:23:06]} Kg7 {[%clk 0:28:43]}
46.Rb7 {[%clk 0:23:23]} Nce2+ {[%clk 0:26:59]} 47.Kf2 {[%clk 0:21:06]}
Nd4 {[%clk 0:26:45]} 48.Rxf7+ {[%clk 0:20:50]} Kg8 {[%clk 0:26:45]}
49.Ra7 {[%clk 0:19:17]} Nxf3 {[%clk 0:26:54]} 50.Kxf3 {[%clk 0:19:17]}
Rc2 {[%clk 0:24:46]} 51.Ra4 {[%clk 0:09:44]} Nh1 {[%clk 0:22:08]}
52.Ne4 {[%clk 0:09:34]} Rb2 {[%clk 0:22:31]} 53.Ra7 {[%clk 0:06:01]}
Kf8 {[%clk 0:21:28]} 54.Rd7 {[%clk 0:05:01]} Rb3+ {[%clk 0:20:03]} 1/2-1/2

[Event "European Club Cup"]
[Site "chess24.com"]
[Date "2018.10.18"]
[Round "7"]
[White "Lammi, Jyri"]
[Black "Maksimovic, Marko"]
[Result "0-1"]
[WhiteElo "2099"]
[BlackElo "2187"]
[Annotator ""]
[Source ""]
[Remark ""]

1.d4 {[%clk 1:30:52]} Nf6 {[%clk 1:30:02]} 2.Nf3 {[%clk 1:31:05]}
g6 {[%clk 1:30:21]} 3.c4 {[%clk 1:31:22]} Bg7 {[%clk 1:30:35]}
4.Nc3 {[%clk 1:31:15]} d5 {[%clk 1:30:51]} 5.Qb3 {[%clk 1:31:13]}
dxc4 {[%clk 1:22:33]} 6.Qxc4 {[%clk 1:31:32]} O-O {[%clk 1:22:53]}
7.e4 {[%clk 1:30:48]} a6 {[%clk 1:21:27]} 8.e5 {[%clk 1:30:35]}
b5 {[%clk 1:21:44]} 9.Qb3 {[%clk 1:30:54]} Nfd7 {[%clk 1:22:04]}
10.e6 {[%clk 1:30:49]} fxe6 {[%clk 1:22:23]} 11.Qxe6+ {[%clk 1:30:52]}
Kh8 {[%clk 1:22:35]} 12.Ng5 {[%clk 1:30:57]} Nf6 {[%clk 1:01:00]}
13.Nf7+ {[%clk 1:29:51]} Rxf7 {[%clk 0:59:48]} 14.Qxf7 {[%clk 1:30:19]}
Nc6 {[%clk 0:59:52]} 15.Be3 {[%clk 1:30:00]} Nxd4 {[%clk 0:37:43]}
16.Bxd4 {[%clk 1:30:06]} Qxd4 {[%clk 0:37:33]} 17.Be2 {[%clk 1:30:18]}
Qe5 {[%clk 0:33:18]} 18.Qb3 {[%clk 1:28:11]} Be6 {[%clk 0:28:00]}
19.Qc2 {[%clk 1:25:50]} Bf5 {[%clk 0:27:01]} 20.Qd2 {[%clk 1:11:31]}
Ne4 {[%clk 0:25:36]} 21.f4 {[%clk 0:59:31]} Qxc3 {[%clk 0:17:22]}
22.bxc3 {[%clk 0:58:37]} Nxd2 {[%clk 0:17:42]} 23.Kxd2 {[%clk 0:57:42]}
Rd8+ {[%clk 0:18:00]} 24.Ke3 {[%clk 0:57:16]} Bxc3 {[%clk 0:18:03]}
25.Rhd1 {[%clk 0:55:00]} Rd6 {[%clk 0:13:30]} 26.Rac1 {[%clk 0:53:37]}
Ba5 {[%clk 0:13:34]} 27.Rxd6 {[%clk 0:29:48]} exd6 {[%clk 0:13:53]}
28.Kd4 {[%clk 0:30:05]} Be6 {[%clk 0:13:00]} 29.a4 {[%clk 0:29:58]}
c5+ {[%clk 0:12:30]} 30.Ke4 {[%clk 0:30:06]} bxa4 {[%clk 0:11:48]}
31.Bc4 {[%clk 0:23:11]} Bf5+ {[%clk 0:04:13]} 32.Kd5 {[%clk 0:22:55]}
Bd2 {[%clk 0:04:36]} 33.Ra1 {[%clk 0:21:59]} Bxf4 {[%clk 0:04:25]}
34.Rxa4 {[%clk 0:17:51]} Bxh2 {[%clk 0:04:25]} 35.Rxa6 {[%clk 0:18:04]}
Kg7 {[%clk 0:04:15]} 36.Ra7+ {[%clk 0:12:47]} Kh6 {[%clk 0:03:41]}
37.Rf7 {[%clk 0:11:57]} Be5 {[%clk 0:03:34]} 38.Re7 {[%clk 0:10:24]}
Bf4 {[%clk 0:03:38]} 39.Rf7 {[%clk 0:10:34]} Bg3 {[%clk 0:03:30]}
40.Be2 {[%clk 0:39:01]} Bb1 {[%clk 0:33:12]} 41.Bc4 {[%clk 0:39:29]}
Be5 {[%clk 0:31:24]} 42.Re7 {[%clk 0:39:35]} Bf4 {[%clk 0:29:56]}
43.Re1 {[%clk 0:36:21]} Bf5 {[%clk 0:27:46]} 44.Rh1+ {[%clk 0:35:54]}
Kg7 {[%clk 0:27:59]} 45.Rf1 {[%clk 0:36:12]} Be5 {[%clk 0:28:06]}
46.Be2 {[%clk 0:35:56]} Bc2 {[%clk 0:27:53]} 47.Bc4 {[%clk 0:31:36]}
h5 {[%clk 0:27:50]} 48.Rf2 {[%clk 0:31:59]} Bf5 {[%clk 0:27:59]}
49.Be2 {[%clk 0:31:32]} h4 {[%clk 0:28:03]} 50.Bf1 {[%clk 0:31:25]}
Kf6 {[%clk 0:28:13]} 51.Bc4 {[%clk 0:31:19]} Kg5 {[%clk 0:28:33]}
52.Be2 {[%clk 0:31:10]} Bg3 {[%clk 0:24:21]} 53.Rf1 {[%clk 0:31:21]}
Be5 {[%clk 0:23:16]} 54.Rf2 {[%clk 0:31:40]} Bg4 {[%clk 0:23:12]}
55.Bd3 {[%clk 0:30:58]} Bd1 {[%clk 0:17:17]} 56.Kc4 {[%clk 0:29:03]}
Ba4 {[%clk 0:16:13]} 57.Be4 {[%clk 0:29:01]} Bd7 {[%clk 0:13:50]}
58.Kd5 {[%clk 0:27:53]} h3 {[%clk 0:13:40]} 59.gxh3 {[%clk 0:27:23]}
Bxh3 {[%clk 0:13:59]} 60.Bd3 {[%clk 0:25:49]} Bg3 {[%clk 0:10:56]}
61.Rf8 {[%clk 0:13:25]} Be5 {[%clk 0:08:03]} 62.Rf2 {[%clk 0:13:03]}
Bf5 {[%clk 0:07:01]} 63.Rg2+ {[%clk 0:11:20]} Kf4 {[%clk 0:06:45]}
64.Rf2+ {[%clk 0:09:26]} Kg4 {[%clk 0:07:10]} 65.Bc4 {[%clk 0:08:02]}
Kg3 {[%clk 0:06:42]} 66.Rf1 {[%clk 0:08:26]} Bf4 {[%clk 0:06:24]}
67.Rxf4 {[%clk 0:01:38]} Kxf4 {[%clk 0:06:48]} 68.Kxd6 {[%clk 0:02:06]}
g5 {[%clk 0:05:12]} 69.Kxc5 {[%clk 0:02:33]} g4 {[%clk 0:05:04]}
70.Kd4 {[%clk 0:02:25]} Be4 {[%clk 0:05:13]} 71.Bf1 {[%clk 0:02:21]}
Kf3 {[%clk 0:05:03]} 72.Ke5 {[%clk 0:01:04]} Bb7 {[%clk 0:04:38]}
73.Kf5 {[%clk 0:01:11]} g3 {[%clk 0:04:53]} 74.Ke5 {[%clk 0:00:52]}
Kf2 {[%clk 0:05:06]} 75.Bh3 {[%clk 0:01:01]} Bc8 {[%clk 0:05:29]} 0-1

[Event "European Club Cup"]
[Site "chess24.com"]
[Date "2018.10.18"]
[Round "7"]
[White "Ladva, Ottomar"]
[Black "Lampen, Timo"]
[Result "1/2-1/2"]
[WhiteElo "2500"]
[BlackElo "2332"]
[Annotator ""]
[Source ""]
[Remark ""]

1.Nf3 {[%clk 1:30:57]} f5 {[%clk 1:30:39]} 2.d3 {[%clk 1:30:47]}
Nf6 {[%clk 1:30:49]} 3.Nc3 {[%clk 1:30:00]} d6 {[%clk 1:28:51]}
4.e4 {[%clk 1:30:22]} e5 {[%clk 1:29:04]} 5.exf5 {[%clk 1:22:22]}
Bxf5 {[%clk 1:29:09]} 6.d4 {[%clk 1:22:09]} e4 {[%clk 1:17:04]}
7.Nh4 {[%clk 1:22:18]} Bc8 {[%clk 1:11:49]} 8.Bg5 {[%clk 1:18:32]}
Be7 {[%clk 1:06:51]} 9.Bc4 {[%clk 1:15:01]} c6 {[%clk 1:01:15]}
10.d5 {[%clk 1:09:40]} b5 {[%clk 0:35:03]} 11.Bb3 {[%clk 1:08:43]}
c5 {[%clk 0:35:01]} 12.Nxb5 {[%clk 1:07:57]} O-O {[%clk 0:35:17]}
13.h3 {[%clk 1:05:54]} Nfd7 {[%clk 0:23:49]} 14.Bxe7 {[%clk 1:06:10]}
Qxe7 {[%clk 0:24:15]} 15.g3 {[%clk 1:06:15]} Ne5 {[%clk 0:22:56]}
16.Qe2 {[%clk 1:06:07]} g5 {[%clk 0:23:12]} 17.Ng2 {[%clk 1:06:17]}
Nf3+ {[%clk 0:22:36]} 18.Kf1 {[%clk 1:05:40]} Nd7 {[%clk 0:18:08]}
19.c3 {[%clk 0:58:31]} Ba6 {[%clk 0:12:36]} 20.a4 {[%clk 0:58:41]}
Rae8 {[%clk 0:11:16]} 21.Ne3 {[%clk 0:58:30]} Nde5 {[%clk 0:11:24]}
22.Bc2 {[%clk 0:57:43]} Nd3 {[%clk 0:07:32]} 23.Bxd3 {[%clk 0:57:37]}
exd3 {[%clk 0:07:51]} 24.Qxd3 {[%clk 0:57:50]} c4 {[%clk 0:05:29]}
25.Qc2 {[%clk 0:53:27]} Bxb5 {[%clk 0:03:42]} 26.axb5 {[%clk 0:53:54]}
Nd4 {[%clk 0:03:15]} 27.cxd4 {[%clk 0:53:51]} Qxe3 {[%clk 0:03:44]}
28.Rh2 {[%clk 0:46:57]} Qxd4 {[%clk 0:02:12]} 29.h4 {[%clk 0:46:46]}
g4 {[%clk 0:02:15]} 30.Qd1 {[%clk 0:46:26]} Qe4 {[%clk 0:00:48]}
31.Rxa7 {[%clk 0:42:17]} Rf5 {[%clk 0:00:58]} 32.Kg1 {[%clk 0:31:26]}
Qe1+ {[%clk 0:00:44]} 33.Qxe1 {[%clk 0:31:47]} Rxe1+ {[%clk 0:01:13]}
34.Kg2 {[%clk 0:32:12]} Re2 {[%clk 0:01:39]} 35.Kf1 {[%clk 0:31:25]}
Rxb2 {[%clk 0:02:07]} 36.Rc7 {[%clk 0:27:09]} Rxd5 {[%clk 0:02:00]}
37.Rxc4 {[%clk 0:27:12]} h5 {[%clk 0:02:18]} 38.Kg2 {[%clk 0:25:26]}
Rf5 {[%clk 0:02:36]} 39.Rf4 {[%clk 0:25:15]} Rxf4 {[%clk 0:02:53]}
40.gxf4 {[%clk 0:55:44]} Kf7 {[%clk 0:32:23]} 41.Rh1 {[%clk 0:56:13]}
Rxb5 {[%clk 0:32:40]} 42.Ra1 {[%clk 0:54:45]} Ke6 {[%clk 0:28:06]}
43.Ra3 {[%clk 0:54:51]} Kf5 {[%clk 0:27:22]} 44.Kg3 {[%clk 0:55:17]}
d5 {[%clk 0:24:31]} 45.Rd3 {[%clk 0:55:45]} Rc5 {[%clk 0:24:16]}
46.f3 {[%clk 0:56:00]} gxf3 {[%clk 0:24:19]} 47.Kxf3 {[%clk 0:56:26]}
Ra5 {[%clk 0:24:23]} 48.Rd4 {[%clk 0:56:24]} Rb5 {[%clk 0:24:26]} 1/2-1/2

[Event "European Club Cup"]
[Site "chess24.com"]
[Date "2018.10.18"]
[Round "7"]
[White "Nyysti, Sampsa"]
[Black "Liiva, Riho"]
[Result "1/2-1/2"]
[WhiteElo "2299"]
[BlackElo "2456"]
[Annotator ""]
[Source ""]
[Remark ""]

1.e4 {[%clk 1:30:57]} d5 {[%clk 1:30:52]} 2.exd5 {[%clk 1:31:21]}
Qxd5 {[%clk 1:31:19]} 3.Nc3 {[%clk 1:31:43]} Qd6 {[%clk 1:31:47]}
4.d4 {[%clk 1:32:02]} Nf6 {[%clk 1:32:12]} 5.Nf3 {[%clk 1:32:10]}
a6 {[%clk 1:32:37]} 6.Bd3 {[%clk 1:23:00]} Bg4 {[%clk 1:13:57]}
7.O-O {[%clk 1:17:12]} Nbd7 {[%clk 1:11:06]} 8.Qe2 {[%clk 1:07:09]}
c6 {[%clk 0:58:53]} 9.Bg5 {[%clk 0:49:57]} Bxf3 {[%clk 0:34:44]}
10.Qxf3 {[%clk 0:50:09]} Qxd4 {[%clk 0:35:09]} 11.Rad1 {[%clk 0:48:43]}
Qg4 {[%clk 0:33:42]} 12.Qe3 {[%clk 0:42:49]} e6 {[%clk 0:33:17]}
13.a3 {[%clk 0:28:54]} Bc5 {[%clk 0:29:12]} 14.Qd2 {[%clk 0:27:19]}
h6 {[%clk 0:20:59]} 15.Bf4 {[%clk 0:27:27]} Nd5 {[%clk 0:16:26]}
16.Nxd5 {[%clk 0:25:12]} cxd5 {[%clk 0:16:53]} 17.c4 {[%clk 0:25:29]}
Nf6 {[%clk 0:11:12]} 18.Be2 {[%clk 0:16:37]} Qf5 {[%clk 0:11:01]}
19.Bd3 {[%clk 0:16:09]} Qg4 {[%clk 0:09:31]} 20.Be2 {[%clk 0:15:07]}
Qf5 {[%clk 0:09:52]} 21.Bd3 {[%clk 0:15:18]} Qg4 {[%clk 0:10:12]} 1/2-1/2

[Event "European Club Cup"]
[Site "chess24.com"]
[Date "2018.10.18"]
[Round "7"]
[White "Valner, Uku"]
[Black "Verkasalo, Tommi"]
[Result "1-0"]
[WhiteElo "2236"]
[BlackElo "2195"]
[Annotator ""]
[Source ""]
[Remark ""]

1.e4 {[%clk 1:30:57]} c5 {[%clk 1:30:19]} 2.Nc3 {[%clk 1:31:22]}
Nc6 {[%clk 1:30:32]} 3.g3 {[%clk 1:31:43]} g6 {[%clk 1:30:52]}
4.Bg2 {[%clk 1:32:08]} Bg7 {[%clk 1:31:18]} 5.d3 {[%clk 1:32:33]}
d6 {[%clk 1:31:39]} 6.Be3 {[%clk 1:32:56]} e6 {[%clk 1:31:58]}
7.Qd2 {[%clk 1:32:51]} Rb8 {[%clk 1:32:03]} 8.Nge2 {[%clk 1:33:04]}
Nd4 {[%clk 1:32:20]} 9.O-O {[%clk 1:33:09]} b5 {[%clk 1:31:09]}
10.Nd1 {[%clk 1:29:21]} b4 {[%clk 1:30:49]} 11.Nc1 {[%clk 1:29:38]}
Ne7 {[%clk 1:30:39]} 12.c3 {[%clk 1:30:03]} bxc3 {[%clk 1:31:04]}
13.bxc3 {[%clk 1:30:31]} Ndc6 {[%clk 1:31:11]} 14.Bh6 {[%clk 1:30:54]}
O-O {[%clk 1:31:23]} 15.Bxg7 {[%clk 1:31:21]} Kxg7 {[%clk 1:31:51]}
16.Ne3 {[%clk 1:31:44]} Bd7 {[%clk 1:29:25]} 17.Rd1 {[%clk 1:26:49]}
f5 {[%clk 1:23:38]} 18.Ne2 {[%clk 1:24:09]} Ne5 {[%clk 1:05:53]}
19.d4 {[%clk 1:14:42]} cxd4 {[%clk 1:05:24]} 20.Qxd4 {[%clk 1:14:54]}
fxe4 {[%clk 0:58:17]} 21.Qxd6 {[%clk 1:08:51]} Nd3 {[%clk 0:55:49]}
22.Bxe4 {[%clk 1:04:03]} Nxf2 {[%clk 0:54:55]} 23.Qxd7 {[%clk 1:03:37]}
Nxe4 {[%clk 0:53:17]} 24.Qxe6 {[%clk 1:01:02]} Nd2 {[%clk 0:52:57]}
25.Rxd2 {[%clk 0:52:45]} Qxd2 {[%clk 0:53:12]} 26.Qxe7+ {[%clk 0:53:09]}
Kg8 {[%clk 0:51:58]} 27.Qe6+ {[%clk 0:53:13]} Kh8 {[%clk 0:46:41]}
28.Qe5+ {[%clk 0:49:52]} Kg8 {[%clk 0:47:07]} 29.Nf4 {[%clk 0:47:54]}
Qb2 {[%clk 0:45:05]} 30.Rf1 {[%clk 0:45:30]} Qxa2 {[%clk 0:44:30]}
31.Ng4 {[%clk 0:43:09]} h5 {[%clk 0:43:07]} 32.Nf6+ {[%clk 0:43:32]}
Rxf6 {[%clk 0:42:50]} 33.Qxf6 {[%clk 0:43:56]} 1-0

[Event "European Club Cup"]
[Site "chess24.com"]
[Date "2018.10.18"]
[Round "7"]
[White "Kosmo, Santul"]
[Black "Kukk, Sander"]
[Result "1/2-1/2"]
[WhiteElo "2186"]
[BlackElo "2235"]
[Annotator ""]
[Source ""]
[Remark ""]

1.e4 {[%clk 1:30:55]} g6 {[%clk 1:30:53]} 2.d4 {[%clk 1:31:10]}
Bg7 {[%clk 1:31:17]} 3.Nc3 {[%clk 1:31:31]} c6 {[%clk 1:30:46]}
4.Be3 {[%clk 1:29:48]} d5 {[%clk 1:30:49]} 5.Qd2 {[%clk 1:29:07]}
dxe4 {[%clk 1:30:45]} 6.O-O-O {[%clk 1:28:00]} Nf6 {[%clk 1:30:11]}
7.Bh6 {[%clk 1:27:36]} O-O {[%clk 1:29:34]} 8.h4 {[%clk 1:25:43]}
Qc7 {[%clk 1:07:05]} 9.Bxg7 {[%clk 1:18:50]} Kxg7 {[%clk 1:05:19]}
10.h5 {[%clk 1:18:42]} Nxh5 {[%clk 0:59:40]} 11.Rxh5 {[%clk 1:15:50]}
gxh5 {[%clk 1:00:01]} 12.Nxe4 {[%clk 1:15:24]} Bf5 {[%clk 0:53:49]}
13.Bd3 {[%clk 1:05:34]} Bg6 {[%clk 0:51:32]} 14.Ne2 {[%clk 0:56:46]}
Nd7 {[%clk 0:48:05]} 15.Rh1 {[%clk 0:49:44]} e5 {[%clk 0:31:36]}
16.g4 {[%clk 0:37:07]} f6 {[%clk 0:21:09]} 17.gxh5 {[%clk 0:27:47]}
Bxe4 {[%clk 0:20:09]} 18.Bxe4 {[%clk 0:26:57]} Nb6 {[%clk 0:18:53]}
19.Ng3 {[%clk 0:15:55]} Kh8 {[%clk 0:18:00]} 20.Nf5 {[%clk 0:15:52]}
Rg8 {[%clk 0:17:24]} 21.Qh6 {[%clk 0:08:37]} Qf7 {[%clk 0:17:22]}
22.Nh4 {[%clk 0:05:56]} Rg5 {[%clk 0:12:16]} 23.Ng6+ {[%clk 0:01:19]}
Kg8 {[%clk 0:12:38]} 24.dxe5 {[%clk 0:01:37]} Qg7 {[%clk 0:12:54]}
25.Ne7+ {[%clk 0:00:38]} Kf7 {[%clk 0:12:34]} 26.Qxg7+ {[%clk 0:00:37]}
Rxg7 {[%clk 0:12:16]} 27.Nf5 {[%clk 0:00:50]} Rg5 {[%clk 0:12:26]}
28.f4 {[%clk 0:00:56]} Rxf5 {[%clk 0:10:42]} 29.Bxf5 {[%clk 0:01:25]}
fxe5 {[%clk 0:11:07]} 30.fxe5 {[%clk 0:01:39]} h6 {[%clk 0:11:34]}
31.Rg1 {[%clk 0:01:15]} Nc4 {[%clk 0:11:48]} 32.e6+ {[%clk 0:01:20]}
Kf6 {[%clk 0:12:15]} 33.Bh3 {[%clk 0:01:36]} Ne5 {[%clk 0:12:39]}
34.Kd1 {[%clk 0:00:52]} Rd8+ {[%clk 0:13:00]} 35.Ke2 {[%clk 0:01:06]}
Rd4 {[%clk 0:13:28]} 36.Rf1+ {[%clk 0:00:47]} Ke7 {[%clk 0:13:40]}
37.Rg1 {[%clk 0:01:03]} Rh4 {[%clk 0:11:47]} 38.Rg7+ {[%clk 0:00:39]}
Kf6 {[%clk 0:12:06]} 39.e7 {[%clk 0:00:40]} Re4+ {[%clk 0:12:33]}
40.Kf1 {[%clk 0:30:32]} Nf7 {[%clk 0:42:41]} 41.e8Q {[%clk 0:12:54]}
Rxe8 {[%clk 0:42:57]} 42.Rg6+ {[%clk 0:13:16]} Ke5 {[%clk 0:42:28]}
43.Kg2 {[%clk 0:13:01]} Kd4 {[%clk 0:29:25]} 44.Bf5 {[%clk 0:12:04]}
Ke5 {[%clk 0:28:43]} 45.Bh3 {[%clk 0:06:57]} Kd4 {[%clk 0:29:06]} 1/2-1/2

[Event "European Club Cup"]
[Site "chess24.com"]
[Date "2018.10.18"]
[Round "7"]
[White "Nestor, Kaarel"]
[Black "Papula, Niko"]
[Result "1-0"]
[WhiteElo "2132"]
[BlackElo "1914"]
[Annotator ""]
[Source ""]
[Remark ""]

1.d4 {[%clk 1:30:56]} Nf6 {[%clk 1:30:55]} 2.Nf3 {[%clk 1:31:23]}
d5 {[%clk 1:31:15]} 3.g3 {[%clk 1:31:46]} Bf5 {[%clk 1:31:04]}
4.Bg2 {[%clk 1:32:07]} e6 {[%clk 1:31:11]} 5.O-O {[%clk 1:32:31]}
Bd6 {[%clk 1:30:28]} 6.c4 {[%clk 1:32:43]} c6 {[%clk 1:30:26]}
7.b3 {[%clk 1:31:59]} Nbd7 {[%clk 1:21:02]} 8.Bb2 {[%clk 1:32:08]}
O-O {[%clk 1:20:41]} 9.Nbd2 {[%clk 1:31:04]} Rc8 {[%clk 1:12:17]}
10.h3 {[%clk 1:27:05]} h6 {[%clk 1:12:14]} 11.Ne5 {[%clk 1:26:45]}
c5 {[%clk 1:02:58]} 12.e3 {[%clk 0:50:46]} Ne4 {[%clk 0:48:55]}
13.Nxd7 {[%clk 0:48:15]} Qxd7 {[%clk 0:46:57]} 14.Nxe4 {[%clk 0:48:22]}
dxe4 {[%clk 0:37:11]} 15.dxc5 {[%clk 0:48:02]} Rxc5 {[%clk 0:36:36]}
16.Ba3 {[%clk 0:48:12]} Qc7 {[%clk 0:35:48]} 17.Bxc5 {[%clk 0:48:26]}
Bxc5 {[%clk 0:35:44]} 18.Qc2 {[%clk 0:48:44]} Qc6 {[%clk 0:33:39]}
19.Qc3 {[%clk 0:46:58]} Bg6 {[%clk 0:33:11]} 20.b4 {[%clk 0:46:27]}
Be7 {[%clk 0:33:15]} 21.Rac1 {[%clk 0:44:29]} f5 {[%clk 0:32:39]}
22.Rfd1 {[%clk 0:44:24]} Bf6 {[%clk 0:26:45]} 23.Qa3 {[%clk 0:44:16]}
Bh5 {[%clk 0:23:25]} 24.b5 {[%clk 0:43:21]} Qc8 {[%clk 0:19:29]}
25.Rd2 {[%clk 0:43:33]} Rd8 {[%clk 0:17:22]} 26.Qb4 {[%clk 0:40:12]}
b6 {[%clk 0:13:51]} 27.Rcc2 {[%clk 0:39:27]} Qc7 {[%clk 0:10:34]}
28.a4 {[%clk 0:38:59]} Kh7 {[%clk 0:09:43]} 29.Rxd8 {[%clk 0:37:39]}
Bxd8 {[%clk 0:09:38]} 30.c5 {[%clk 0:36:21]} Be7 {[%clk 0:07:42]}
31.Qc4 {[%clk 0:36:47]} bxc5 {[%clk 0:07:40]} 32.Qxe6 {[%clk 0:37:08]}
Bd1 {[%clk 0:06:45]} 33.Rd2 {[%clk 0:37:15]} Bf3 {[%clk 0:04:39]}
34.Bxf3 {[%clk 0:36:47]} exf3 {[%clk 0:04:46]} 35.Rd7 {[%clk 0:37:00]}
Qa5 {[%clk 0:05:04]} 36.Qxf5+ {[%clk 0:37:27]} Kg8 {[%clk 0:04:46]}
37.Qxf3 {[%clk 0:37:40]} Bf6 {[%clk 0:04:44]} 38.Qd5+ {[%clk 0:37:33]}
 1-0